[Event "58. BEM 2004"]
[Site "Dortmund"]
[Date "2004.03.02"]
[Round "2.17"]
[White "Skoecz, Horst"]
[Black "Raskin, Vitali"]
[Result "0-1"]
[WhiteElo "1338"]
[BlackElo "1668"]
[Annotator "Fritz 7 (15s)"]
[PlyCount "70"]
[EventDate "2004.??.??"]
[Source "SG Dortmund"]
[SourceDate "2004.12.16"]

{C45: Scotch Game
} 1. e4 e5 2. Nf3 Nc6 3. d4 exd4 4. Nxd4 Nxd4 5. Qxd4 d6 6.
Be2 Nf6 7. Nc3 Be7 8. Nd5 $146 (8. Bf4 O-O 9. O-O-O Be6 10. Bg3 Nd7 11. f4 Bf6
12. Qd2 Bxc3 13. Qxc3 f5 14. Bf3 Rb8 15. Rhe1 fxe4 16. Bxe4 Bf5 17. Bd5+ Kh8
18. h3 c6 19. Bf3 d5 20. Bh2 Qf6 21. Qb4 c5 22. Qd2 d4 23. g4 {
1-0 Blackburne,J-Mason,J/Leipzig 1894/EXT 98 (23)}) (8. Be3 O-O 9. f3 c6 10.
O-O-O Qa5 11. g4 b5 12. a3 c5 13. Qd2 b4 14. Nb1 Rb8 15. h4 Qa4 16. g5 bxa3 17.
Nxa3 Nh5 18. Rdg1 Be6 19. c3 g6 20. Bd1 Bb3 21. Rh2 Qc6 22. c4 f5 {
Hochstenbach,M-Schouten,N/NED 1994/EXT 2002/1-0 (44)}) (8. O-O Be6 (8... O-O 9.
Be3 (9. f4 Be6 10. Bf3 c6 11. Kh1 Qa5 12. Bd2 Qc7 13. Rad1 Rfd8 14. f5 c5 15.
Qd3 Bd7 16. Bf4 Bc6 17. Rf2 b5 18. Re2 c4 19. Qd4 a5 20. Red2 b4 21. Ne2 Bb7
22. Qe3 Qc5 23. e5 Qxe3 {Vavpetic,V-Oe,O/Randers 1970/EXT 98/1-0 (48)}) 9...
Bd7 10. Rad1 Re8 11. f4 Ng4 12. Bc1 Bf8 13. h3 Nh6 14. f5 f6 15. Bh5 Re5 16.
Bf4 Rc5 17. b4 Rc6 18. Bxh6 gxh6 19. Nd5 Bg7 20. Rf3 Qf8 21. Rg3 Kh8 22. c4 b5
23. cxb5 {Gabriel,J-Tchalkhasuren,C/Leipzig 1960/EXT 99/1/2-1/2 (52)}) 9. Be3
O-O 10. Rad1 Re8 11. Bf4 Nd7 12. Qe3 Bf6 13. Bf3 Qc8 14. Qd3 Nb6 15. Qb5 Bc4
16. Qh5 Bxf1 17. Kxf1 Bxc3 18. Bg4 g6 19. Bxc8 gxh5 20. Bxb7 Rab8 21. Bc6 Re6
22. bxc3 Rf6 {Meingast,M-Haller,O/Wilhelmshaven 1995/Juniors/1/2-1/2 (36)})
8... O-O 9. Nxe7+ Qxe7 10. Bd3 (10. Bg5 Re8 11. f3 Qe6 $14) 10... Re8 {
Ist der Bauer e4 hinreichend gedeckt?} (10... Nxe4 $5 {kommt in Betracht} 11.
Qxe4 Qxe4+ 12. Bxe4 Re8 $17) 11. Bg5 $11 c5 12. Bxf6 gxf6 13. Qc3 f5 14. f3 d5
15. O-O-O fxe4 16. fxe4 dxe4 17. Bb5 Rf8 18. Qe3 a6 19. Bc4 Bf5 20. Rhf1 Bg6
21. Rf4 Rad8 22. Rdf1 b5 23. Be2 Qe6 24. Qa3 $2 (24. c4 $142 $15 {
damit waere Weiss im Spiel geblieben}) 24... e3 $19 25. Rf6 Qe5 26. g3 $4 {
ein Fehler in schlechter Stellung} (26. Rxa6 Rd2 27. Rxg6+ hxg6 28. Re1 $19)
26... Rd2 27. Bd3 Bxd3 28. cxd3 Rxh2 (28... b4 29. Qb3 c4 30. dxc4 e2 $19) 29.
R6f5 (29. R6f4 b4 30. Qb3 $19) 29... e2 30. Qc3 (30. Rxe5 $4 {
scheitert an Matt in 2} 30... exf1=Q+ 31. Re1 Qxe1#) 30... exf1=Q+ (30...
exf1=N $4 31. Qxe5 (31. Rxe5 $6 f6 32. Re1 Nxg3 $16) 31... Rh6 32. Rxf1 $18) (
30... exf1=B $2 31. Rxe5 h6 32. Rxc5 $18) 31. Rxf1 Qxc3+ 32. bxc3 Rxa2 33. Rf3
(33. Re1 {hilft auch nicht mehr} 33... Rd8 34. Re3 Rd6 $19) 33... Re8 34. Kb1
Rh2 35. Rf1 Re3 (35... Re3 36. d4 c4 $19) 0-1

[Event "58. BEM 2004"]
[Site "Dortmund"]
[Date "2004.03.02"]
[Round "2.18"]
[White "Orlowski, Wilfried"]
[Black "Kartsev, Alexandr"]
[Result "1/2-1/2"]
[WhiteElo "1668"]
[BlackElo "1341"]
[Annotator "Fritz 7 (15s)"]
[PlyCount "117"]
[EventDate "2004.??.??"]
[Source "SG Dortmund"]
[SourceDate "2004.12.16"]

{A21: English Opening: 1...e5 2 Nc3
} 1. c4 e5 2. Nc3 f5 3. e4 d6 4. Be2 (4. d4
exd4 5. Qxd4 Nf6 6. exf5 Bxf5 7. Nd5 Nc6 8. Nxf6+ Qxf6 9. Qxf6 gxf6 10. Bd2
O-O-O 11. Bc3 Be7 12. O-O-O Rhf8 13. Nf3 Bg4 14. Rd5 Ne5 15. Nd2 Be6 16. Ra5 a6
17. f4 Nc6 18. Rh5 Bg8 19. g3 d5 20. Bh3+ Kb8 21. cxd5 Rxd5 22. Rxd5 Bxd5 23.
Re1 Bb4 24. Kc2 b6 25. Bd7 Bxc3 26. Kxc3 Kb7 27. a3 h6 28. Nf1 Rf7 29. Be8 Rg7
30. Rd1 Be6 31. Ne3 Re7 32. Bxc6+ Kxc6 33. Rd8 h5 34. Rf8 Rf7 35. Rh8 Bg4 36.
Rh6 Bf3 37. h3 Kd7 38. Nf5 c5 39. Nh4 Be2 40. Nf5 b5 41. Kd2 Bf3 42. Nh4 Bb7
43. Rxh5 {1-0 Varga,Z-Minnaar,M/Bad Woerishofen 2001/CBM 81 ext (43)}) (4. d3
Nf6 5. g3 c6 6. Bg2 Be6 7. Qe2 fxe4 8. dxe4 c5 9. b3 Nc6 10. Bd2 g6 11. Nh3 Nd4
12. Qd3 h6 13. f4 Qd7 14. Nf2 Bg7 15. h3 O-O 16. fxe5 dxe5 17. O-O Nh7 18. Rad1
Rf7 {Laco,G-Orel,O/Bled 2001/CBM 81 ext/0-1 (41)}) 4... Nf6 5. d3 Be7 6. Bf3
$146 (6. Bh5+ Nxh5 7. Qxh5+ g6 8. Qe2 Nc6 9. Nf3 f4 10. Nd5 Bg5 11. h4 {
0-1 Novak,V-Nemec,T/Stary Smokovec 1996/EXT 98 (11)}) (6. Nf3 O-O 7. O-O c5 8.
a3 Nc6 9. Rb1 a6 10. b4 cxb4 11. axb4 b5 12. cxb5 axb5 13. Qb3+ Kh8 14. Ng5 Nd4
15. Nf7+ Rxf7 16. Qxf7 Be6 17. Qxe6 Nxe6 {
0-1 Gorissen,H-Salanki,E/Kecskemet 1990/EXT 2000 (17)}) 6... fxe4 7. Nxe4 O-O
8. Ne2 Nc6 9. O-O Bf5 10. N2g3 Bg6 11. Be3 Nxe4 12. Nxe4 Bf7 13. Nc3 Bg5 14.
Qd2 Bxe3 15. fxe3 ({Nicht} 15. Qxe3 Nd4 16. Bxb7 Rb8 $15) 15... Qg5 16. Rf2
Rab8 17. Raf1 Ne7 18. Nb5 a6 19. Nxc7 Rfc8 20. Nd5 Nxd5 21. Bxd5 Bxd5 22. cxd5
Rc5 23. e4 Qd8 (23... Qxd2 $5 24. Rxd2 b6 $16) 24. Qe2 Rbc8 25. Qg4 Rc1 26.
Qe6+ Kh8 27. Qf7 Qb6 28. Kh1 h6 29. b3 Qb5 (29... Qe3 $5 $11 {ist erwaegenswert
}) 30. Qf3 Qa5 31. Qe2 R8c2 $2 (31... Qd8 $5 $16) 32. Qxc2 (32. Rf8+ $142 $5
Kh7 33. Qf3 Rxf1+ 34. Qxf1 $18) 32... Rxc2 $16 33. Rxc2 Qb5 34. Rf3 Qb4 (34...
Kh7 35. h3 Qd7 36. Kh2 $18) 35. h3 a5 (35... h5 36. Kh2 $18) 36. Kh2 a4 (36...
h5 37. Rf5 h4 38. Rh5+ Kg8 39. Rc8+ Kf7 40. Rc7+ Kf6 41. Rxh4 $18) 37. Rc4 Qd2
38. Rxa4 b5 (38... Qc2 $18) 39. Ra6 Kh7 40. Ra7 h5 41. h4 Kh6 42. Rg3 g6 43. a4
(43. Rf7 $142 $18 {ist der schnellste Weg}) 43... bxa4 $2 (43... Qf4 44. Rc7
bxa4 45. bxa4 $11) 44. bxa4 $4 {danach wendet sich das Blatt} (44. Rxa4 Qf4 45.
Rc4 $16) 44... Qf4 $11 45. Kh3 Qc1 46. Rf3 Qh1+ 47. Kg3 Qe1+ 48. Kh2 Qxh4+ 49.
Rh3 Qf4+ 50. Kh1 Qf1+ 51. Kh2 Qf4+ 52. Kh1 Qc1+ 53. Kh2 Qf4+ 54. Kh1 g5 55. Rf3
Qh4+ 56. Kg1 Qe1+ 57. Kh2 Qh4+ 58. Kg1 Qe1+ 59. Kh2 1/2-1/2

[Event "58. BEM 2004"]
[Site "Dortmund"]
[Date "2004.03.02"]
[Round "2.19"]
[White "Rutmann, Ulrich"]
[Black "Morgenroth, Hubertus"]
[Result "0-1"]
[WhiteElo "1296"]
[BlackElo "1654"]
[Annotator "Fritz 7 (15s)"]
[PlyCount "60"]
[EventDate "2004.??.??"]
[Source "SG Dortmund"]
[SourceDate "2004.12.16"]

{C77: Ruy Lopez: 3...a6 4 Ba4 Nf6, unusual lines
} 1. e4 e5 2. Nf3 Nc6 3. Bb5
a6 4. Ba4 Nf6 5. d3 b5 6. Bb3 d6 7. a3 $146 {Verwehrt dem Gegner b4} (7. c3 Be7
8. h3 O-O 9. O-O d5 10. exd5 Nxd5 11. Qe2 Bf6 12. Be3 Bf5 13. Bc2 Re8 14. Nbd2
Bg6 15. Rfe1 Be7 16. Nf1 f5 17. Rad1 f4 18. Bc1 Bc5 19. N1d2 b4 20. Ba4 Qf6 21.
Ne4 Bxe4 22. Qxe4 Red8 23. Qc4 {
1-0 Blackburne,J-Wisker,J/London 1868/EXT 2002 (23)}) (7. Ng5 d5 8. exd5 Nd4 9.
d6 Nxb3 10. dxc7 Qd5 11. cxb3 Qxg2 12. Qf3 Qxf3 13. Nxf3 Bd6 14. Rg1 g6 15. Bg5
Nd5 16. Nc3 Nxc7 17. Bf6 O-O 18. Ne4 Bb4+ 19. Kf1 Bh3+ 20. Ke2 Rac8 21. Bxe5 f5
{Zavodny,Z-Dokladal,P/Brno 1963/EXT 2001/1/2-1/2 (35)}) (7. O-O Bg4 8. Be3 Be7
9. Nbd2 Na5 10. c3 Nxb3 11. Qxb3 O-O 12. h3 Bh5 13. Rae1 c6 14. Nh2 d5 15. f4
exf4 16. Bxf4 Bg6 17. Bg5 Nxe4 18. Bxe7 Qb6+ 19. d4 Nxd2 20. Qb4 Nxf1 21. Bxf8
Nxh2 {Sellman,A-Ryan,J/New York 1880/EXT 2002/1-0 (51)}) (7. Bg5 Na5 8. Nc3 Be7
9. O-O O-O 10. Ne1 h6 11. Bh4 g5 12. Bg3 Bg4 13. f3 Bd7 14. Bf2 Nxb3 15. axb3
c5 16. Qd2 b4 17. Ne2 Nh5 18. g3 Kh7 19. Be3 Rg8 20. Ng2 Bh3 21. Rf2 d5 {
Svensson,J-Rosendahl,A/Stockholm 1897/EXT 98/1-0 (47)}) 7... Be7 8. h3 {
Es geht um g4} 8... O-O 9. O-O Bb7 10. Nc3 Nd4 11. Nxd4 exd4 12. Ne2 c5 13. Ng3
d5 14. e5 Nd7 15. f4 c4 {Schwarz hat mehr Raum} 16. Ba2 Bc8 17. Qf3 Rb8 18.
Qxd5 $4 {wild schwanken die Waagschalen...} (18. Nf5 $142 Bc5 19. Qg3 $16)
18... Bb7 $19 19. Qxf7+ (19. dxc4 {ist ein letzter Versuch} 19... Bxd5 20. cxd5
$19) 19... Kxf7 20. e6+ Kxe6 21. dxc4 bxc4 22. Bxc4+ Kd6 23. f5 Kc5 24. b3 (24.
Be6 {hilft allerdings auch nicht} 24... Bg5 25. Bxd7 Bxc1 26. Raxc1 Qxd7 $19)
24... Bd6 25. Ne2 Ne5 26. Nxd4 (26. Be6 {waere gleichermassen fruchtlos} 26...
Kb6 $19) 26... Kxd4 27. Rf4+ (27. Be6 {aendert nichts am Ausgang der Partie}
27... Kc3 28. Rb1 Qh4 29. Bb2+ Kxc2 30. Rfc1+ Kd3 31. Rc3+ Kd2 $19) 27... Kc5
28. Be3+ Kc6 29. Rd1 (29. Be6 {nuetzt auch nichts mehr} 29... Bc8 30. Re4 Qf6
$19) 29... Bc5 30. Rxd8 Bxe3+ (30... Bxe3+ 31. Kh1 Rbxd8 $19) 0-1

[Event "58. BEM 2004"]
[Site "Dortmund"]
[Date "2004.03.02"]
[Round "2.20"]
[White "Klein, Hans-Joachim"]
[Black "Krüger, Inge"]
[Result "1-0"]
[WhiteElo "1637"]
[BlackElo "1335"]
[Annotator "Fritz 7 (15s)"]
[PlyCount "55"]
[EventDate "2004.??.??"]
[Source "SG Dortmund"]
[SourceDate "2004.12.16"]

{D00: 1 d4 d5: Unusual lines
} 1. d4 d5 2. Bf4 Nf6 3. e3 e6 4. a3 (4. c3 Bd6 5.
Bxd6 Qxd6 6. Nf3 Nbd7 7. Nbd2 O-O 8. Bd3 b6 9. O-O Bb7 10. Rc1 c5 11. Qe2 Ne4
12. Rfd1 f5 13. c4 Rac8 14. cxd5 exd5 15. dxc5 Ndxc5 16. Nc4 Qf6 17. Nce5 {
1/2-1/2 Videkovic,M-Rosandic,A/Pula 1993/EXT 99 (17)}) 4... Be7 (4... Nbd7 5.
c4 c6 6. Nc3 dxc4 7. Bxc4 Nb6 8. Bd3 Nbd5 9. Bg3 Bd6 10. Qc2 O-O 11. Nf3 h6 12.
e4 Nxc3 13. Qxc3 Be7 14. Bc2 Bd7 15. Qd3 Nh7 16. e5 g6 17. h4 Qa5+ 18. Nd2 Kg7
19. h5 {Crompvoets,H-Thomas,C/Willemstad 2001/EXT 2002/0-1 (61)}) 5. c4 $146 (
5. Nf3 Ne4 6. Nbd2 Bd6 7. Bxd6 Nxd6 8. c4 Ne4 9. Nxe4 dxe4 10. Nd2 f5 11. Qh5+
g6 12. Qh6 Qe7 13. c5 Nc6 14. Bb5 Bd7 15. O-O O-O-O 16. b4 a6 17. Bxc6 Bxc6 18.
Nc4 Bb5 19. Rfc1 Bxc4 20. Rxc4 c6 21. g3 Rdg8 22. Qh3 Qc7 23. a4 Kd7 24. Qg2
Kc8 25. Rcc1 Qd7 26. Qf1 Kc7 27. b5 axb5 28. axb5 cxb5 29. c6 Qd5 30. Ra5 Kb6
31. Rc5 Kxa5 32. Qxb5# {
1-0 Torborg-Von Hohenthal,L/Pinneberg 1998/EXT 2002 (32)}) 5... O-O 6. c5 Bd7
7. h3 {Der Gegner darf nicht nach g4} 7... c6 {Ueberdeckt b5} 8. b4 b6 9. Nf3 {
Weiss hat Entwicklungsnachteil.} 9... bxc5 10. bxc5 Qa5+ 11. Qd2 Qxd2+ 12.
Nbxd2 Bc8 13. Be2 Ba6 14. Bxa6 Nxa6 15. O-O Rfc8 16. Rab1 Bd8 17. Rb3 Bc7 18.
Ne5 Ba5 19. Ndf3 h6 $2 {Deckt g5} (19... Ne4 $142 $5 $16) 20. Rb7 $18 Rf8 $4 {
es war sowieso egal} (20... Rc7 $142 21. Rxc7 Bxc7 22. Nxc6 Bxf4 23. exf4 Nb8
$18) 21. Nxc6 Bd8 22. Bd6 ({Und nicht} 22. Nxd8 Rfxd8 23. Ne5 Rf8 $18) 22...
Re8 23. Nfe5 ({Weniger gut ist} 23. Rxa7 Rxa7 24. Nxa7 Be7 $18) 23... Ne4 24.
Nxf7 Nxd6 25. Nxd6 (25. Nfxd8 $6 {ist naheliegend und schlecht} 25... Nxb7 26.
Nxb7 Nb8 $18) 25... Rf8 26. Nxd8 Rfxd8 27. Rfb1 Nb8 28. Re7 (28. Re7 Nc6 29.
Rxe6 $18) 1-0

[Event "58. BEM 2004"]
[Site "Dortmund"]
[Date "2004.03.02"]
[Round "2.21"]
[White "Benke, Werner"]
[Black "Thiemig, Rolf"]
[Result "1-0"]
[WhiteElo "1609"]
[BlackElo "1278"]
[Annotator "Fritz 7 (15s)"]
[PlyCount "91"]
[EventDate "2004.??.??"]
[Source "SG Dortmund"]
[SourceDate "2004.12.16"]

{C30: King's Gambit Declined
} 1. e4 e5 2. f4 Bc5 3. Nf3 d6 4. Bc4 Nf6 5. d3
O-O 6. Qe2 (6. Nc3 c6 7. f5 d5 8. Bb3 dxe4 9. dxe4 Qxd1+ 10. Kxd1 Nbd7 11. Bg5
Bd4 12. Re1 Nc5 13. Nxd4 exd4 14. Bxf6 gxf6 15. Na4 Nd7 16. c3 b5 17. cxd4 bxa4
18. Bxa4 Rb8 19. Bxc6 Rb4 20. Bd5 Rxd4+ 21. Kc2 Ba6 22. Rad1 Rc8+ 23. Kb1 Rxd1+
24. Rxd1 Ne5 25. a3 Bd3+ 26. Ka2 Rc2 27. Kb3 Rxg2 28. Rc1 Rxh2 29. Rc7 a6 {
0-1 Martin Gonzalez,A-Reinaldo Castineira,R/Cala Galdana 2001/CBM 84 ext (29)})
6... Nc6 7. a3 $146 {Kontrolliert b4} (7. fxe5 Nxe5 8. Nxe5 dxe5 9. Be3 Bxe3
10. Qxe3 Ng4 11. Qg3 Qd4 12. Nc3 Ne3 13. Kd2 Nxc4+ {
0-1 Wolter,K-Bade,H/GER 1991/EXT 2002 (13)}) 7... Bg4 8. c3 exf4 9. Bxf4 Ne5
10. Nbd2 Nxc4 11. Nxc4 Nh5 12. Be3 Bxe3 13. Nxe3 Nf4 14. Qf1 Bxf3 15. gxf3 Qh4+
16. Kd2 c6 {Punkt d5} 17. Ng2 Nxg2 18. Qxg2 Qf4+ 19. Kc2 d5 20. Rhg1 g6 21. Qh3
dxe4 22. fxe4 Rad8 23. Raf1 Qe5 24. Rg4 (24. Rf5 Qe7 $16) 24... b6 (24... f5
25. Rg5 $14) 25. d4 Qb5 26. Rf2 a5 $2 (26... c5 $142 {ist noch spielbar} 27. d5
f5 28. exf5 c4 $14) 27. Rh4 $18 h5 28. Rg2 a4 $4 {Schwarz bricht voellig ein} (
28... Qa4+ 29. Kc1 Kg7 $18) 29. Rxh5 Qb3+ 30. Kc1 Qe6 (30... Qb5 {
holt die Kuh nicht vom Eis} 31. Rxb5 cxb5 $18) 31. Qxe6 (31. Rh8+ Kg7 32. Qh6+
Kf6 33. Qh4+ Kg7 34. Rh7+ Kg8 35. e5 f5 36. Qh6 Qxe5 37. Qxg6+ Qg7 38. Qxg7#)
31... fxe6 32. Rxg6+ Kf7 33. Rhh6 Rh8 (33... c5 {hilft auch nicht mehr} 34.
Rf6+ Kg7 35. Rhg6+ Kh7 36. Rxf8 Rxf8 37. Rxe6 Rf1+ 38. Kc2 Rf2+ 39. Kb1 Rxh2
40. Rxb6 $18) 34. Rxe6 Rxh6 35. Rxh6 Rg8 (35... c5 {
macht keinen grossen Unterschied} 36. d5 $18) 36. Rxc6 Rg1+ 37. Kc2 Rg2+ 38.
Kb1 Rxh2 (38... b5 {nuetzt auch nichts mehr} 39. Rc7+ Kf8 40. Rb7 $18) 39. Rxb6
Re2 40. e5 Ke7 41. Rb4 Ke6 42. Rxa4 Kd5 43. Ka2 Kc6 44. Kb3 Kd5 45. Rb4 Ke4 46.
a4 (46. a4 Rf2 47. e6 $18) 1-0

[Event "58. BEM 2004"]
[Site "Dortmund"]
[Date "2004.03.02"]
[Round "2.22"]
[White "Krüger, Sven"]
[Black "Scholtyßek, Norbert"]
[Result "0-1"]
[WhiteElo "1098"]
[BlackElo "1608"]
[Annotator "Fritz 7 (15s)"]
[PlyCount "74"]
[EventDate "2004.??.??"]
[Source "SG Dortmund"]
[SourceDate "2004.12.16"]

{E14: Queen's Indian: Classical Variation (4 e3)
} 1. c4 b6 2. Nf3 Bb7 3. e3
Nf6 4. d4 e6 5. Be2 g6 (5... d5 6. O-O Bd6 7. cxd5 exd5 8. b4 a6 9. Qb3 Qe7 10.
a3 Nbd7 11. Nc3 b5 12. Ne1 O-O 13. Nd3 Nb6 14. Nc5 Bc8 15. a4 c6 16. axb5 axb5
17. Rxa8 Nxa8 18. Qc2 Nc7 19. Re1 Ne6 20. Bd2 Qc7 21. h3 Qe7 22. Bd3 {
1/2-1/2 Velikov,P-Ree,H/Kiev 1978/EXT 2000 (22)}) 6. O-O Bg7 7. Nc3 $146 (7.
Nbd2 O-O 8. Qc2 c5 9. b3 Nc6 10. Bb2 Nb4 11. Qb1 d6 12. a3 Nc6 13. Qc2 Rc8 14.
Rac1 Rc7 15. Rfd1 Rd7 16. Bc3 Re8 17. b4 cxd4 18. exd4 a6 19. Qb2 e5 20. dxe5
Nxe5 21. Nxe5 dxe5 {Bezler,R-Topakian,R/Austria 1995/EXT 98/1/2-1/2 (59)}) 7...
O-O 8. b3 d6 {Verhindert das Eindringen auf e5} 9. Bd3 Nbd7 10. h3 {Sichert g4}
10... a6 {Nimmt Einfluss auf b5} 11. Re1 c5 12. Bb2 cxd4 13. Nxd4 Nc5 14. Bc2
Qc7 15. Kh1 e5 16. Nde2 e4 17. Rg1 Rae8 18. Nf4 Ne6 19. Ba3 {
Uebt Druck auf den rueckstaendigen Bauern d6 aus} (19. Nfd5 Nxd5 20. Nxd5 Bxd5
21. Bxg7 Nxg7 (21... Kxg7 $143 22. cxd5 Nc5 23. Qd4+ Kg8 24. b4 $16) 22. Qxd5
Re5 $11) 19... Rd8 (19... Nxf4 20. Bxd6 Nxh3 21. gxh3 $17 (21. Bxc7 $2 {
ist verfuehrerisch, aber} 21... Nxf2+ 22. Kh2 N6g4+ (22... Nxd1 $6 23. Bxd1 Nd7
24. Rc1 $19) 23. Kg3 Nxd1 24. Bxd1 Nxe3 $19 (24... Bxc3 $6 25. Bxg4 f5 26. Be2
$19))) 20. Nxe6 fxe6 21. Qe2 Rf7 22. Rad1 Rfd7 23. Nb1 d5 24. Bb2 Rc8 25. Bxf6
Bxf6 26. Rc1 Bb2 27. Rcd1 b5 (27... Bg7 $142 $17) 28. Bxe4 $11 {
Die Raeumung erlaubt e2-b2} 28... Bg7 (28... dxe4 29. Qxb2 {
Eliminiert eine wichtige Deckungsfigur: b2}) 29. cxd5 Bxd5 30. Bxd5 Rxd5 31.
Qg4 Qd6 32. Rd2 Rxd2 33. Nxd2 Rc2 34. Ne4 Qe7 35. Rd1 Be5 (35... Rxa2 36. Ng5
Ra1 37. Rxa1 Bxa1 38. Nxe6 $16) 36. Ng5 (36. f4 $142 $5 Bg7 37. Rd6 Rxa2 38.
Rxe6 $18 (38. Qxe6+ $6 Qxe6 39. Rxe6 Ra3 $14)) 36... Rxf2 $14 37. Nxe6 Bd6 (
37... Bd6 38. Qe4 Kf7 39. Ng5+ Qxg5 40. Rxd6 Kg7 41. Rxa6 Kh6 $16) 0-1

[Event "58. BEM 2004"]
[Site "Dortmund"]
[Date "2004.03.05"]
[Round "3.1"]
[White "Thormann, Olaf"]
[Black "Eismont, Igor"]
[Result "0-1"]
[WhiteElo "1900"]
[BlackElo "2230"]
[Annotator "Fritz 7 (15s)"]
[PlyCount "58"]
[EventDate "2004.??.??"]
[Source "SG Dortmund"]
[SourceDate "2004.12.16"]

{B10: Caro-Kann: 2 d3 and 2 c4
} 1. e4 c6 2. Nc3 d5 3. exd5 cxd5 4. d4 Nc6 5.
Nf3 Bg4 6. Be2 e6 7. Ne5 (7. O-O Bd6 8. Bg5 Qb6 9. Na4 Qc7 10. h3 Bh5 11. Re1
h6 12. Be3 Nf6 13. Rc1 O-O 14. g4 Bg6 15. c4 dxc4 16. Bxc4 Rfd8 17. Bd3 Bxd3
18. Qxd3 Qa5 19. Qb3 Qd5 20. Qd1 Bb4 21. Rf1 Qe4 22. Nc5 Bxc5 23. Rxc5 Nd5 24.
Bc1 Nf4 25. Re1 Nxh3+ 26. Kh2 Qxg4 27. Be3 Nf4 28. Bxf4 Qxf4+ 29. Kg2 Nxd4 30.
Nxd4 Rxd4 31. Qf3 Qxf3+ 32. Kxf3 Rad8 33. Rc7 R4d7 34. Rec1 g6 35. Kg4 Kg7 36.
f4 Kf6 37. R1c3 b6 38. b4 h5+ 39. Kf3 Rxc7 40. Rxc7 Rd3+ 41. Ke4 Ra3 42. Rc2
Ra4 43. Rb2 a5 44. a3 Rxa3 45. bxa5 bxa5 46. Rb5 Ra1 47. Kf3 a4 48. Ra5 a3 49.
Ra7 a2 50. Kg2 e5 {0-1 Osmani,R-Graf,C/Bad Wiessee 1998/EXT 2001 (50)}) 7...
Bxe2 8. Nxe2 Bd6 9. Nf3 Nf6 $146 (9... Rc8 10. c3 Nge7 11. O-O O-O 12. Qd3 Ng6
13. Ng5 e5 14. dxe5 Ncxe5 15. Qh3 h6 16. Nf3 Nxf3+ 17. Qxf3 Qh4 18. g3 Qc4 19.
Nd4 Ne5 20. Qh5 Ng6 21. Rd1 Rcd8 22. Qf3 Be5 23. Nb3 Bc7 24. Rd4 {
Schleining,A-Siedhoff,J/Lippstadt 2000/EXT 2001/1/2-1/2 (49)}) 10. c3 {
Verhindert das Eindringen auf b4} 10... O-O 11. Bg5 Be7 12. Qd3 Rc8 13. O-O Ne4
14. Bxe7 Qxe7 15. Nd2 Nxd2 16. Qxd2 Na5 17. Qc2 Nc4 18. Rfe1 Qd6 19. Rad1 b5
20. Rd3 b4 21. Rh3 h6 22. Nc1 bxc3 23. bxc3 Rc7 24. Nd3 Rfc8 25. Nc5 Nb6 26.
Ree3 Nd7 27. Reg3 (27. Nb3 $5 $15 {ist zu beachten}) 27... Nxc5 $19 28. dxc5
Qf4 29. Re3 Rxc5 (29... Rxc5 30. Rhf3 Qb4 $19) 0-1

[Event "58. BEM 2004"]
[Site "Dortmund"]
[Date "2004.03.03"]
[Round "3.2"]
[White "Volmer, Martin"]
[Black "Goldschmidt, Christian"]
[Result "0-1"]
[WhiteElo "1779"]
[BlackElo "2109"]
[Annotator "Fritz 7 (15s)"]
[PlyCount "46"]
[EventDate "2004.??.??"]
[Source "SG Dortmund"]
[SourceDate "2004.12.16"]

{A68: Modern Benoni: Four Pawns Attack without 9...Re8
} 1. d4 Nf6 2. c4 g6 3.
Nc3 Bg7 4. e4 d6 5. f4 O-O 6. Nf3 c5 7. d5 e6 8. Be2 exd5 9. cxd5 b5 10. e5
dxe5 11. fxe5 Ng4 12. Bf4 a6 (12... b4 13. Na4 Nd7 14. e6 fxe6 15. dxe6 Rxf4
16. Qd5 Kh8 17. Qxa8 Nf8 18. O-O Nxe6 19. Rad1 Qc7 20. Ba6 Rf8 21. Bxc8 Nd4 22.
g3 Rxc8 23. Qe4 Nf6 24. Qd3 Nd5 25. Ng5 Bf6 26. Ne6 Nxe6 27. Qxd5 Bd4+ 28. Rxd4
Nxd4 29. Rf7 Rd8 30. Qxd4+ {1-0 Knezevic,M-Boudy,J/Polanica Zdroj 1976/MCL (30)
}) (12... Nd7 13. e6 Nb6 14. Nxb5 fxe6 15. dxe6 Bxe6 16. Ng5 {
1/2-1/2 Djukic,Z-Leskur,D/Becici 1993/EXT 2000 (16)}) 13. h3 Nh6 14. O-O Bb7
$146 (14... Nf5 15. Ne4 Qb6 16. Kh2 Nd7 17. g4 Nd4 18. Nxd4 cxd4 19. e6 fxe6
20. dxe6 Qxe6 21. Ng5 Qe7 22. Qb3+ Kh8 23. Ne6 Nc5 24. Nxc5 Qxc5 25. Rac1 Qe7
26. Bf3 Be6 27. Rce1 Qf7 28. Rxe6 Qxf4+ 29. Kg2 Rae8 30. Be2 Qb8 31. Bf3 Rxe6
32. Qxe6 Rf6 33. Qd7 Qf8 34. Qb7 Bh6 35. h4 Bg7 36. Rc1 Rf7 37. Qd5 h6 38. Qe4
Rf4 39. Qb7 Rf7 40. Qc6 Rf6 41. Qe4 Rf4 42. Qe2 Rf7 43. Rc6 Rf6 44. Rc1 Qd6 45.
Rc6 Qf8 46. Rc1 Rd6 47. Qd3 Qd8 48. Kh3 Qf6 49. Rc8+ Rd8 50. Rxd8+ Qxd8 51.
Qxg6 Qf6 52. Qe8+ Qf8 53. Qc6 Qf6 {
1/2-1/2 Kolnsberg,K-Arneth,R/Bad Woerishofen 1992/EXT 97 (53)}) 15. d6 Nd7 16.
Nd5 Nb6 $2 (16... Kh8 17. Nc7 Rb8 18. e6 fxe6 19. Nxe6 $16) 17. Nc7 (17. Bg5
$142 Bxd5 18. Bxd8 Raxd8 19. Qc1 $18) 17... Rc8 $16 18. e6 (18. g4 $142 $5 Kh8
19. Qd2 $18) 18... fxe6 $14 19. Nxe6 Qf6 20. Nxf8 $4 {
danach wendet sich das Blatt} (20. Nfg5 $142 {war relativ besser} 20... Nf5 21.
d7 $14) 20... Qxf4 $17 21. Nxg6 (21. d7 Rd8 22. Qb3+ Bd5 23. Qa3 Bxf8 24. Qxa6
Qe3+ 25. Rf2 $19) 21... hxg6 $19 22. Nh2 $2 (22. Rf2 $19) 22... Bd4+ 23. Kh1
Nf5 (23... Nf5 24. Qb3+ c4 25. Rxf4 cxb3 26. Rxf5 gxf5 27. axb3 Rd8 $19) 0-1

[Event "58. BEM 2004"]
[Site "Dortmund"]
[Date "2004.03.05"]
[Round "3.3"]
[White "Naundorf, Maik"]
[Black "Borjini, Mohamed"]
[Result "1-0"]
[WhiteElo "2015"]
[BlackElo "1918"]
[Annotator "Fritz 7 (15s)"]
[PlyCount "109"]
[EventDate "2004.??.??"]
[Source "SG Dortmund"]
[SourceDate "2004.12.16"]

{E02: Open Catalan: 5 Qa4+
} 1. Nf3 d5 2. c4 e6 3. g3 Nf6 4. Bg2 Be7 5. O-O O-O
6. d4 Nbd7 7. Qc2 dxc4 8. Qxc4 c5 9. Nc3 Nb6 (9... a6 10. dxc5 Bxc5 11. Bg5 b5
12. Qf4 Bb7 13. Ne5 Qb8 14. Nxd7 Nxd7 15. Rfd1 Bxg2 16. Qxb8 Rfxb8 17. Kxg2 Nb6
{1/2-1/2 Szmetan,J-Giardelli,S/Buenos Aires 1991/EXT 2002 (17)}) 10. Qd3 cxd4
11. Qxd4 $146 (11. Nb5 Bd7 12. Nbxd4 Qc7 13. Bf4 Qd8 14. e4 a6 15. Rfd1 Rc8 16.
Rac1 Nh5 17. Be3 Nf6 18. Rxc8 Qxc8 19. Rc1 Qd8 20. Ne5 Re8 21. Ndf3 Bb5 22. Qb1
Nbd7 23. a4 Bxa4 24. b3 Nxe5 25. bxa4 Nxf3+ 26. Bxf3 b5 27. axb5 axb5 28. Qxb5
Qb8 29. Qxb8 Rxb8 30. Rc7 Bd6 {
1/2-1/2 Becher,G-Eske,A/Nickenich 1996/EXT 2000 (30)}) 11... Qxd4 12. Nxd4 a6 {
Es geht um b5} 13. Nb3 Bb4 14. Nb1 e5 15. a3 Be7 16. Nc3 Rb8 17. Be3 Nc4 18.
Ba7 Ra8 19. Bc5 Bxc5 20. Nxc5 Rb8 21. b3 Nd6 22. Rfd1 Nf5 23. e3 {Befestigt d4}
23... b6 24. N5e4 Nxe4 25. Bxe4 Ne7 26. Rd6 Be6 27. b4 Nc8 28. Rd2 b5 29. Nd5
Bxd5 30. Rxd5 f5 31. Bc2 e4 {Raumvorteil} 32. Bb3 Kh8 33. Rc1 Nb6 34. Rd6 Rfd8
35. Rcc6 Rxd6 36. Rxd6 g6 37. Kg2 Kg7 38. h4 h6 39. Re6 Rb7 40. g4 fxg4 41.
Rxe4 Rc7 42. Re6 Rc3 43. Rxb6 Rxb3 44. Rxa6 Rc3 45. Kg3 h5 46. Kf4 Rc2 47. Kg3
$4 {danach kann Weiss alle Traeume begraben} (47. Kg5 Rxf2 48. Rxg6+ Kf7 $18)
47... Rc3 48. Ra5 Kf6 49. Rxb5 Rxa3 50. Kf4 Ra2 51. Rb6+ Kf7 52. Kg3 Rb2 53. b5
Ke7 $2 (53... Rb4 $142 $18) 54. Rxg6 Rxb5 55. Rg5 (55. Rg5 Rb1 56. Rxh5 Rg1+
57. Kh2 $18) 1-0